| 000 | 01023nac a22003011i 4500 | ||
|---|---|---|---|
| 003 | EG-ScBUE | ||
| 005 | 20230313094457.0 | ||
| 008 | 230313t1998 enkac f b 001 0 eng d | ||
| 020 | _a0600595935 | ||
| 020 | _a9780600595939 | ||
| 040 |
_aEG-ScBUE _beng _erda _cEG-ScBUE _dEG-ScBUE |
||
| 082 | 0 | 4 |
_a796.3340941 _bNAW _222 |
| 100 | 1 |
_aNawrat, Chris, _eauthor. |
|
| 245 | 1 | 4 |
_aThe Sunday times illustrated history of football / _cChris Nawrat and Steve Hutchings. |
| 264 | 1 |
_aLondon : _bHamlyn, _c[1998] |
|
| 264 | 4 | _cc1998 | |
| 300 |
_a384 pages : _billustrations, portraits ; _c30 cm |
||
| 336 |
_2rdacontent _atext _btxt |
||
| 337 |
_2rdamedia _aunmediated _bn |
||
| 338 |
_2rdacarrier _avolume _bnc |
||
| 500 | _a"First published in Great Britain in 1994 by Hamlyn"--T.p. verso. | ||
| 504 | _aIncludes bibliographical references and index. | ||
| 650 | 7 |
_aSoccer _xHistory _zGreat Britain. _2BUEsh |
|
| 653 | _bGGEN | ||
| 655 | _vReading book | ||
| 700 | 1 |
_aHutchings, Steve, _eauthor. |
|
| 942 |
_cBB _2ddc |
||
| 999 |
_c8464 _d8464 |
||